[Event "Sydney International Open"]
[Site "Parramatta, NSW"]
[Date "2010.04.07"]
[Round "1.30"]
[White "Cameron, Alistair"]
[Black "Chowdhury, Sohel"]
[Result "1-0"]
[WhiteElo "1862"]
[BlackElo "2190"]
[PlyCount "95"]
[EventDate "2010.04.07"]
[EventType "swiss"]
[EventRounds "9"]
[EventCountry "AUS"]
[SourceDate "2010.04.07"]

1. d4 d5 2. c4 c6 3. Nf3 Nf6 4. Nc3 e6 5. Bg5 Be7 6. e3 Nbd7 7. Rc1 h6 8. Bh4
O-O 9. Bd3 Re8 10. O-O a6 11. cxd5 exd5 12. Qc2 Ne4 13. Bxe7 Qxe7 14. b4 f5 15.
Qb3 Kh7 16. a4 Ndf6 17. b5 axb5 18. axb5 Ng4 19. Nd1 Qd6 20. Qc2 Bd7 21. h3
Ngf6 22. bxc6 Bxc6 23. Ne5 Rac8 24. Nc3 g6 25. Nxe4 fxe4 26. Be2 Rc7 27. Qb2
Nd7 28. Nxd7 Rxd7 29. Rc5 Rf7 30. Bb5 Ref8 31. Bxc6 bxc6 32. Qb6 Rf6 33. Rc2
R8f7 34. Rfc1 Rc7 35. Rc5 Rc8 36. Ra5 Rcf8 37. Ra7+ Kh8 38. Rc2 h5 39. Rc7 Ra8
40. g3 Rxf2 41. Kxf2 h4 42. Ke2 Qxg3 43. Ra7 Rf8 44. Kd2 Rf2+ 45. Kc1 Qxe3+ 46.
Kb1 Rf1+ 47. Ka2 Qe1 48. Qd8+ 1-0

[Event "Sydney International Open"]
[Site "Parramatta, NSW"]
[Date "2010.04.07"]
[Round "1.31"]
[White "Dhar Barua, Saheli"]
[Black "Christensen, Joshua"]
[Result "1-0"]
[WhiteElo "2151"]
[BlackElo "1838"]
[PlyCount "59"]
[EventDate "2010.04.07"]
[EventType "swiss"]
[EventRounds "9"]
[EventCountry "AUS"]
[SourceDate "2010.04.07"]

1. e4 c6 2. d4 d5 3. Nc3 dxe4 4. Nxe4 Bf5 5. Ng3 Bg6 6. h4 h6 7. h5 Bh7 8. Nf3
Nd7 9. Bd3 Bxd3 10. Qxd3 e6 11. Bd2 Ngf6 12. O-O-O Be7 13. c4 O-O 14. Ne4 Nxe4
15. Qxe4 Nf6 16. Qe2 Qc7 17. g4 c5 18. g5 hxg5 19. Bxg5 cxd4 20. Rxd4 Rad8 21.
Rdh4 b5 22. Ne5 Nh7 23. Bxe7 Qxe7 24. Rg4 Nf6 25. Rg3 Qc5 26. Rhg1 Ne8 27.
Rxg7+ Nxg7 28. h6 Qc7 29. Rxg7+ Kh8 30. Qe4 1-0

[Event "Sydney International Open"]
[Site "Parramatta, NSW"]
[Date "2010.04.07"]
[Round "1.32"]
[White "Barisic, Frank"]
[Black "Yuan, Yi"]
[Result "0-1"]
[WhiteElo "1833"]
[BlackElo "2151"]
[PlyCount "56"]
[EventDate "2010.04.07"]
[EventType "swiss"]
[EventRounds "9"]
[EventCountry "AUS"]
[SourceDate "2010.04.07"]

1. e4 e5 2. Nf3 Nc6 3. Bc4 Nf6 4. d3 Be7 5. Nc3 d6 6. h3 Na5 7. Bb5+ c6 8. Ba4
b5 9. Bb3 O-O 10. Bd2 Ne8 11. Ne2 Nxb3 12. axb3 f5 13. exf5 Bxf5 14. Ng3 Be6
15. Qe2 Nc7 16. Ba5 Qd7 17. c4 bxc4 18. bxc4 Na6 19. O-O Nc5 20. Bc3 Bf7 21.
Ne4 Ne6 22. g3 Bh5 23. Nxe5 Bxe2 24. Nxd7 Rfd8 25. Rfe1 Bxd3 26. Ndc5 dxc5 27.
Nxc5 Bxc5 28. Rxe6 Rf8 0-1

[Event "Sydney International Open"]
[Site "Parramatta, NSW"]
[Date "2010.04.07"]
[Round "1.33"]
[White "Charles, Gareth"]
[Black "Rachmadi, Herman"]
[Result "1-0"]
[WhiteElo "2148"]
[BlackElo "1823"]
[PlyCount "67"]
[EventDate "2010.04.07"]
[EventType "swiss"]
[EventRounds "9"]
[EventCountry "AUS"]
[SourceDate "2010.04.07"]

1. d4 Nf6 2. Nf3 g6 3. Bg5 Bg7 4. Nbd2 O-O 5. c3 d6 6. e4 c5 7. dxc5 dxc5 8.
Bc4 h6 9. Bh4 a6 10. a4 Nc6 11. O-O Nh5 12. Nb3 Qc7 13. a5 Ne5 14. Nxe5 Bxe5
15. Bg3 Nxg3 16. hxg3 Rd8 17. Qc1 Bg7 18. Qe3 Bd7 19. Nxc5 Bc6 20. b4 Qe5 21.
Rac1 Rac8 22. f4 Qc7 23. g4 e6 24. f5 exf5 25. gxf5 g5 26. f6 Bf8 27. Rf5 Qd6
28. Rxg5+ hxg5 29. Qxg5+ Kh7 30. Bxf7 Qd1+ 31. Rxd1 Bxc5+ 32. Rd4 Bxd4+ 33.
cxd4 Bxe4 34. Qh5# 1-0

[Event "Sydney International Open"]
[Site "Parramatta, NSW"]
[Date "2010.04.07"]
[Round "1.34"]
[White "Gu, Sean"]
[Black "Monir, Arman"]
[Result "0-1"]
[WhiteElo "1819"]
[BlackElo "2139"]
[PlyCount "84"]
[EventDate "2010.04.07"]
[EventType "swiss"]
[EventRounds "9"]
[EventCountry "AUS"]
[SourceDate "2010.04.07"]

1. e4 c5 2. Nf3 d6 3. d3 Nc6 4. g3 e5 5. Bg2 Bg4 6. c3 Nf6 7. O-O Qd7 8. Nbd2
Be7 9. Re1 h5 10. h4 Nh7 11. Qc2 g5 12. hxg5 Nxg5 13. Nxg5 Bxg5 14. Nf1 Bxc1
15. Qxc1 O-O-O 16. b4 cxb4 17. a4 Kb8 18. a5 a6 19. f4 bxc3 20. Ne3 Nd4 21. Nc4
Nb3 22. Qxc3 Nxa1 23. Qxa1 exf4 24. gxf4 Bh3 25. Bf3 Rhg8+ 26. Kf2 Qe7 27. Rb1
Bg4 28. Bh1 Qh4+ 29. Ke3 Qg3+ 30. Kd2 Qxf4+ 31. Kc3 Bc8 32. Qa4 d5 33. exd5
Qf6+ 34. Kb3 Qd4 35. Kc2 Rg3 36. Qb3 Re8 37. Kd2 Rh3 38. Kc2 Re2+ 39. Nd2 Rxd2+
40. Kxd2 Rh2+ 41. Kc1 Qg1+ 42. Qd1 Qe3+ 0-1

[Event "Sydney International Open"]
[Site "Parramatta, NSW"]
[Date "2010.04.07"]
[Round "1.37"]
[White "McNamara, Gary"]
[Black "Buciu, Aurel John"]
[Result "1-0"]
[WhiteElo "2117"]
[BlackElo "1701"]
[PlyCount "89"]
[EventDate "2010.04.07"]
[EventType "swiss"]
[EventRounds "9"]
[EventCountry "AUS"]
[SourceDate "2010.04.07"]

1. b3 d5 2. Bb2 Bf5 3. e3 e6 4. Nf3 Nd7 5. Be2 Ngf6 6. O-O Be7 7. d3 c6 8. Nbd2
Qc7 9. c4 h6 10. Qc2 Bh7 11. a3 a5 12. Qc3 O-O 13. b4 axb4 14. axb4 Qb6 15. c5
Qc7 16. Ne5 Qxe5 17. Qxe5 Nxe5 18. Bxe5 Nd7 19. Bg3 Bf6 20. d4 Be7 21. b5 f5
22. f4 g5 23. Nb3 Bf6 24. Bf2 Bg6 25. Ra5 Rxa5 26. Nxa5 b6 27. cxb6 cxb5 28. b7
b4 29. Nc6 Nb8 30. Nxb4 Be8 31. Na6 Bc6 32. Nxb8 Rxb8 33. Rc1 Bxb7 34. Rb1 Kf8
35. Ba6 Ra8 36. Bxb7 Rb8 37. Rb3 Ke7 38. g3 Kd6 39. Bxd5 Rc8 40. Bg2 Rc1+ 41.
Bf1 g4 42. Rb6+ Kd5 43. Kg2 h5 44. Ba6 Rc7 45. Bb7+ 1-0

[Event "Sydney International Open"]
[Site "Parramatta, NSW"]
[Date "2010.04.07"]
[Round "1.38"]
[White "Perera, Pasan"]
[Black "Broekhuyse, Paul"]
[Result "0-1"]
[WhiteElo "1575"]
[BlackElo "2108"]
[PlyCount "84"]
[EventDate "2010.04.07"]
[EventType "swiss"]
[EventRounds "9"]
[EventCountry "AUS"]
[SourceDate "2010.04.07"]

1. e4 c5 2. Nf3 d6 3. d4 cxd4 4. Nxd4 Nf6 5. Nc3 a6 6. Rg1 e5 7. Nb3 Be6 8. g4
Nc6 9. g5 Nd7 10. Be3 Be7 11. Qd2 O-O 12. O-O-O Rc8 13. Nd5 f5 14. gxf6 Nxf6
15. Nxf6+ Rxf6 16. Bg5 Rf7 17. Bxe7 Qxe7 18. Qxd6 Rxf2 19. Nc5 Bxa2 20. b3 Qxd6
21. Bc4+ Kf8 22. Rxd6 Nd4 23. Rxd4 exd4 24. Ne6+ Ke7 25. Rxg7+ Kf6 26. Rxh7 b5
27. Rh6+ Ke7 28. Bd3 Bxb3 29. Nxd4 Bc4 30. Nc6+ Kf7 31. Bxc4+ bxc4 32. Kb2 Rf6
33. Ne5+ Ke6 34. Rxf6+ Kxf6 35. Nf3 Ke6 36. Kc3 Kd6 37. Nd2 Kc5 38. h4 Rg8 39.
Nf1 Rg4 40. Kd2 Rxe4 41. h5 Rh4 42. Ng3 a5 0-1

[Event "Sydney International Open"]
[Site "Parramatta, NSW"]
[Date "2010.04.07"]
[Round "2.1"]
[White "Ly, Moulthun"]
[Black "Chao, Li"]
[Result "0-1"]
[WhiteElo "2315"]
[BlackElo "2613"]
[PlyCount "93"]
[EventDate "2010.04.07"]
[EventType "swiss"]
[EventRounds "9"]
[EventCountry "AUS"]
[SourceDate "2010.04.07"]

1. e4 c5 2. Nf3 d6 3. d4 cxd4 4. Nxd4 Nf6 5. Nc3 Bd7 6. Be2 g6 7. O-O Bg7 8.
Be3 O-O 9. Qd2 Nc6 10. Nb3 a5 11. a4 Nb4 12. f3 Bc6 13. Rfd1 Nd7 14. Bd4 Bxd4+
15. Nxd4 Qb6 16. Kh1 Qc5 17. Ncb5 Nf6 18. c3 Na6 19. Nb3 Qb6 20. Qd4 Nd7 21.
Qxb6 Nxb6 22. Nxa5 Nc5 23. b4 Ncxa4 24. Rdc1 Rfc8 25. Nd4 Bd7 26. c4 Rc7 27.
Nc2 f5 28. Ne3 Rac8 29. exf5 gxf5 30. f4 d5 31. c5 d4 32. Re1 dxe3 33. cxb6
Nxb6 34. Bf3 Rc3 35. Bxb7 R8c7 36. Bf3 Kf7 37. Rab1 Bb5 38. g3 Kf6 39. Rb3 Ba4
40. Rb2 Rc1 41. Rxc1 Rxc1+ 42. Kg2 Bb5 43. Be2 Na4 44. Bxb5 Nxb2 45. Kf3 Rc3
46. Be2 Nd3 47. b5 0-1

[Event "Sydney International Open"]
[Site "Parramatta, NSW"]
[Date "2010.04.07"]
[Round "2.2"]
[White "Zhao, Zong Yuan"]
[Black "Ikeda, Junta"]
[Result "1-0"]
[WhiteElo "2592"]
[BlackElo "2302"]
[PlyCount "117"]
[EventDate "2010.04.07"]
[EventType "swiss"]
[EventRounds "9"]
[EventCountry "AUS"]
[SourceDate "2010.04.07"]

1. e4 c5 2. Nf3 e6 3. d4 cxd4 4. Nxd4 a6 5. c4 Nf6 6. Nc3 Bb4 7. Bd3 Nc6 8. Be3
Qc7 9. Rc1 Ne5 10. a3 Bxc3+ 11. Rxc3 Nxd3+ 12. Qxd3 Qe5 13. f3 d5 14. exd5 exd5
15. c5 O-O 16. O-O Re8 17. Bf2 Qg5 18. h4 Qf4 19. g3 Qc7 20. b4 h5 21. Kg2 Bd7
22. Be3 Qc8 23. Rf2 Re5 24. Bg5 Nh7 25. Bf4 Re1 26. Rc1 Rxc1 27. Bxc1 a5 28.
Bb2 axb4 29. axb4 Ra6 30. Ne2 Be6 31. Nf4 Qd7 32. Re2 Ra4 33. Nxh5 f6 34. Nf4
Bf7 35. Bc3 d4 36. Rd2 g5 37. hxg5 fxg5 38. Ne2 g4 39. Nxd4 Ng5 40. Qe3 Qd5 41.
Qf4 Ra3 42. Bb2 Nxf3 43. Qxg4+ Ng5+ 44. Kh2 Be6 45. Qh4 Re3 46. Qh8+ Kf7 47.
Rf2+ Ke7 48. Qg7+ Nf7 49. Qf6+ Ke8 50. Nxe6 Qxe6 51. Qxe6+ Rxe6 52. Bf6 Nh6 53.
Kh3 Re4 54. Rf4 Re2 55. g4 Re6 56. g5 Ng8 57. Kg4 Kf7 58. Be5+ Kg6 59. Bd6 1-0

[Event "Sydney International Open"]
[Site "Parramatta, NSW"]
[Date "2010.04.07"]
[Round "2.3"]
[White "Fernandez, Daniel Howard"]
[Black "Malaniuk, Vladimir"]
[Result "0-1"]
[WhiteElo "2299"]
[BlackElo "2582"]
[PlyCount "70"]
[EventDate "2010.04.07"]
[EventType "swiss"]
[EventRounds "9"]
[EventCountry "AUS"]
[SourceDate "2010.04.07"]

1. e4 e5 2. Nf3 Nc6 3. Bb5 a6 4. Ba4 Nf6 5. O-O Bc5 6. c3 b5 7. Bc2 d5 8. exd5
Qxd5 9. d4 exd4 10. Re1+ Be7 11. cxd4 Bg4 12. Nc3 Qh5 13. d5 Bxf3 14. Qxf3 Qxf3
15. gxf3 Nd4 16. Bd1 b4 17. Be3 Nf5 18. Ba4+ Kf8 19. Bc6 Rd8 20. Na4 Nxd5 21.
Bb7 Ndxe3 22. fxe3 a5 23. Rac1 Bd6 24. e4 Nd4 25. e5 Be7 26. Rxc7 g6 27. Kg2
Ne6 28. Rc8 Kg7 29. Rxd8 Rxd8 30. Kg3 Rd2 31. f4 Rd3+ 32. Bf3 Bh4+ 33. Kxh4
Rxf3 34. Re4 h5 35. f5 Kh6 0-1

[Event "Sydney International Open"]
[Site "Parramatta, NSW"]
[Date "2010.04.07"]
[Round "2.4"]
[White "Jones, Gawain"]
[Black "Illingworth, Max"]
[Result "1-0"]
[WhiteElo "2556"]
[BlackElo "2289"]
[PlyCount "113"]
[EventDate "2010.04.07"]
[EventType "swiss"]
[EventRounds "9"]
[EventCountry "AUS"]
[SourceDate "2010.04.07"]

1. e4 d6 2. d4 Nf6 3. Nc3 e5 4. Nf3 Nbd7 5. g4 Nxg4 6. Rg1 Ngf6 7. Bc4 h6 8.
dxe5 dxe5 9. Qe2 c6 10. Be3 b5 11. Bb3 Qa5 12. Nh4 Ba6 13. Qf3 b4 14. Ne2 c5
15. Bxf7+ Kxf7 16. Ng6 Rg8 17. Rd1 Bb5 18. c4 Bc6 19. Qf5 Qc7 20. Ng3 Bd6 21.
Ke2 Rae8 22. f3 Nb6 23. Nh5 Nbd7 24. Nh8+ Ke7 25. Nxg7 Rxh8 26. Ne6 Reg8 27.
Nxc7 Bxc7 28. Rd5 Bxd5 29. cxd5 Rxg1 30. Bxg1 Kd8 31. Bxc5 Rg8 32. Kf1 Bb6 33.
Bxb6+ axb6 34. Qe6 Kc7 35. Qe7 b3 36. a3 Rc8 37. Qb4 Nc5 38. Qb5 Kb7 39. a4 Ka7
40. a5 bxa5 41. Qxa5+ Kb7 42. Qd2 Nh5 43. Qb4+ Ka6 44. d6 Nf6 45. f4 Ncxe4 46.
Qa4+ Kb7 47. Qxb3+ Kc6 48. Qc4+ Kd7 49. Qb5+ Ke6 50. Qxe5+ Kf7 51. Qe7+ Kg6 52.
d7 Rc1+ 53. Ke2 Rc2+ 54. Ke3 Nd5+ 55. Kxe4 Nxe7 56. d8=Q Rxb2 57. Qe8+ 1-0

[Event "Sydney International Open"]
[Site "Parramatta, NSW"]
[Date "2010.04.07"]
[Round "2.6"]
[White "Smerdon, David"]
[Black "Ayvazyan, Armen"]
[Result "1-0"]
[WhiteElo "2530"]
[BlackElo "2222"]
[PlyCount "103"]
[EventDate "2010.04.07"]
[EventType "swiss"]
[EventRounds "9"]
[EventCountry "AUS"]
[SourceDate "2010.04.07"]

1. e4 c5 2. Nf3 d6 3. c3 Nf6 4. Be2 g6 5. O-O Bg7 6. Bb5+ Bd7 7. Bxd7+ Qxd7 8.
Re1 Nc6 9. d4 cxd4 10. cxd4 d5 11. e5 Ne4 12. Nc3 Nxc3 13. bxc3 O-O 14. Ng5 f6
15. e6 Qc7 16. Nh3 Na5 17. Qf3 Rad8 18. Nf4 Qc6 19. h4 f5 20. Rb1 Nc4 21. Nd3
h6 22. Bf4 b6 23. Re2 Kh7 24. Qg3 Nd6 25. Bxd6 Rxd6 26. Nf4 Rf6 27. Re5 h5 28.
Qf3 Bh6 29. Nxd5 Rfxe6 30. Nxe7 Qxf3 31. gxf3 Rxe5 32. dxe5 Re6 33. Nc8 Rxe5
34. Nxa7 Ra5 35. Nc8 Rxa2 36. Rxb6 Bf8 37. Rc6 Kg7 38. Rc7+ Kf6 39. Nb6 Ke5 40.
Kg2 Rc2 41. Rc6 Bh6 42. Rxg6 Bd2 43. Nd7+ Kd5 44. Nf6+ Ke5 45. Nd7+ Kd5 46.
Nf6+ Ke5 47. Nxh5 Rxc3 48. Rg8 Ke6 49. Ng3 Rc4 50. Re8+ Kf6 51. Rd8 Ba5 52. Rd5
1-0

[Event "Sydney International Open"]
[Site "Parramatta, NSW"]
[Date "2010.04.07"]
[Round "2.7"]
[White "Samar, Raul"]
[Black "Kunte, Abhijit"]
[Result "0-1"]
[WhiteElo "2235"]
[BlackElo "2528"]
[PlyCount "111"]
[EventDate "2010.04.07"]
[EventType "swiss"]
[EventRounds "9"]
[EventCountry "AUS"]
[SourceDate "2010.04.07"]

1. e4 c5 2. Nc3 e6 3. f4 d5 4. d3 Nc6 5. Nf3 g6 6. Bd2 Bg7 7. g3 Nge7 8. Bg2 b6
9. O-O O-O 10. h3 d4 11. Ne2 f5 12. e5 Bb7 13. Kh2 Qd7 14. Neg1 a5 15. Qe2 a4
16. Rfd1 a3 17. b3 Nd5 18. Qf2 Rf7 19. Ne2 Ncb4 20. Rdc1 Bf8 21. Ne1 Rd8 22.
Rd1 Ba6 23. Bc1 Rg7 24. Bxd5 Nxd5 25. Ng2 Ra8 26. Bd2 h6 27. Rg1 Be7 28. Rad1
Bb7 29. Rde1 b5 30. Rgf1 Rc8 31. Rd1 Bd8 32. Ne1 Ra8 33. c4 dxc3 34. Nxc3 g5
35. Nxd5 Qxd5 36. Rc1 Rc8 37. Be3 Be7 38. Rg1 g4 39. Qg2 gxh3 40. Qxd5 Bxd5 41.
Kxh3 Kf7 42. Nc2 h5 43. Bf2 Ra8 44. Ne3 Bf3 45. Ng2 Rd8 46. Ne1 Bg4+ 47. Kh2 h4
48. Bxc5 hxg3+ 49. Kxg3 Rc8 50. b4 Bd1+ 51. Kf2 Bh4+ 52. Kf1 Be2+ 53. Kxe2 Rxg1
54. Rd1 Rxe1+ 55. Rxe1 Bxe1 56. Kxe1 0-1

[Event "Sydney International Open"]
[Site "Parramatta, NSW"]
[Date "2010.04.07"]
[Round "2.9"]
[White "Dhar Barua, Saheli"]
[Black "Barua, Dibyendu"]
[Result "0-1"]
[WhiteElo "2151"]
[BlackElo "2479"]
[PlyCount "122"]
[EventDate "2010.04.07"]
[EventType "swiss"]
[EventRounds "9"]
[EventCountry "AUS"]
[SourceDate "2010.04.07"]

1. e4 e6 2. d4 b6 3. Nc3 Bb7 4. Nf3 Bb4 5. Bd3 Bxc3+ 6. bxc3 d6 7. O-O Nd7 8.
Ng5 Ngf6 9. f4 h6 10. Nxe6 fxe6 11. e5 O-O 12. exf6 Qxf6 13. Qe2 Rae8 14. Bb2
Qh4 15. Qd2 Nf6 16. Rae1 Re7 17. g3 Qh3 18. Rf2 Ng4 19. Bf1 Qh5 20. Rfe2 b5 21.
a4 a6 22. axb5 axb5 23. Ba3 Ra8 24. Bb4 Bf3 25. h3 Bxe2 26. Qxe2 Nf6 27. Qxb5
Qxb5 28. Bxb5 Kf7 29. c4 Ra2 30. Re2 Nd7 31. g4 c5 32. dxc5 dxc5 33. Be1 Nf6
34. Bf2 Rc7 35. Re5 Rxc2 36. Rxc5 Ra7 37. Bd4 Raa2 38. Rc7+ Kg8 39. c5 Rc1+ 40.
Bf1 Rac2 41. g5 hxg5 42. fxg5 Ne8 43. Re7 Kf8 44. Rxe6 Kf7 45. Re4 Rd1 46. h4
g6 47. Rf4+ Ke6 48. h5 gxh5 49. g6 Rc4 50. Re4+ Kd7 51. Kf2 Rdxd4 52. c6+ Kd8
53. c7+ Kxc7 54. Rxe8 Rf4+ 55. Ke2 Rce4+ 56. Rxe4 Rxe4+ 57. Kf3 Rg4 58. Bd3 Kd6
59. Bf5 Rg1 60. Kf4 Ke7 61. Ke5 Rg5 0-1

[Event "Sydney International Open"]
[Site "Parramatta, NSW"]
[Date "2010.04.07"]
[Round "2.10"]
[White "Macak, Stefan"]
[Black "Charles, Gareth"]
[Result "1-0"]
[WhiteElo "2470"]
[BlackElo "2148"]
[PlyCount "57"]
[EventDate "2010.04.07"]
[EventType "swiss"]
[EventRounds "9"]
[EventCountry "AUS"]
[SourceDate "2010.04.07"]

1. e4 c5 2. Nf3 e6 3. d4 cxd4 4. Nxd4 a6 5. Bd3 Bc5 6. Nb3 Ba7 7. Qg4 Qf6 8.
O-O h5 9. Qe2 Nc6 10. N1d2 e5 11. Nc4 Nge7 12. Be3 d6 13. Bxa7 Rxa7 14. Qe3 g5
15. Rfd1 b5 16. Nca5 Ra8 17. Be2 Nxa5 18. Nxa5 Qg6 19. Qb6 Rh6 20. c4 Bd7 21.
Nb7 Qxe4 22. Bf3 Qf5 23. Rxd6 Rh7 24. Rf6 Qc2 25. Nd6+ Kf8 26. Bxa8 Qxb2 27.
Qd8+ Kg7 28. Rxf7+ Kg6 29. Be4+ 1-0

[Event "Sydney International Open"]
[Site "Parramatta, NSW"]
[Date "2010.04.07"]
[Round "2.11"]
[White "Yuan, Yi"]
[Black "Xie, George"]
[Result "0-1"]
[WhiteElo "2151"]
[BlackElo "2470"]
[PlyCount "94"]
[EventDate "2010.04.07"]
[EventType "swiss"]
[EventRounds "9"]
[EventCountry "AUS"]
[SourceDate "2010.04.07"]

1. e4 e6 2. Nf3 d5 3. Nc3 d4 4. Ne2 c5 5. c3 Nc6 6. cxd4 Nf6 7. e5 Nd7 8. dxc5
Ndxe5 9. Nxe5 Nxe5 10. d4 Bxc5 11. Be3 Bb4+ 12. Nc3 Nc6 13. Bd3 Qa5 14. O-O O-O
15. Ne4 Be7 16. Nd2 Rd8 17. Nb3 Qd5 18. Qe2 b6 19. Bc4 Qd7 20. Rad1 Nb4 21. a3
Nd5 22. Nd2 Bb7 23. Nf3 Bd6 24. Bg5 Rf8 25. Ba2 h6 26. Be3 Rac8 27. Qd2 Qc7 28.
Rc1 Qb8 29. h3 Nf4 30. Rxc8 Rxc8 31. Bxf4 Bxf4 32. Qd3 Qa8 33. Bb1 Bxf3 34.
gxf3 g6 35. Ba2 Qc6 36. d5 exd5 37. Bxd5 Qf6 38. Kh1 Be5 39. Rg1 Kg7 40. b3 Qf4
41. Rg3 Rc3 42. Qb5 Qd4 43. f4 Qxf4 44. Qd7 Rxg3 45. fxg3 Qf1+ 46. Kh2 Qf2+ 47.
Kh1 Bxg3 0-1

[Event "Sydney International Open"]
[Site "Parramatta, NSW"]
[Date "2010.04.07"]
[Round "2.12"]
[White "Monir, Arman"]
[Black "Roy Chowdhury, Saptarshi"]
[Result "0-1"]
[WhiteElo "2139"]
[BlackElo "2429"]
[PlyCount "52"]
[EventDate "2010.04.07"]
[EventType "swiss"]
[EventRounds "9"]
[EventCountry "AUS"]
[SourceDate "2010.04.07"]

1. e4 c5 2. Nf3 Nc6 3. d4 cxd4 4. Nxd4 e5 5. Nb5 d6 6. N1c3 a6 7. Na3 b5 8. Nd5
Nge7 9. c4 Nxd5 10. Qxd5 Bd7 11. cxb5 Nd4 12. bxa6 Be7 13. Bd3 O-O 14. Bd2 Bc6
15. Qa5 Qd7 16. Be3 Rfb8 17. Bxd4 exd4 18. O-O d5 19. exd5 Bxd5 20. Nc4 Bxg2
21. Ne5 Qh3 22. Qc7 Bd5 23. f3 Rxb2 24. Rf2 Rxf2 25. Kxf2 Qxh2+ 26. Kf1 Bh4 0-1

[Event "Sydney International Open"]
[Site "Parramatta, NSW"]
[Date "2010.04.07"]
[Round "2.13"]
[White "Solomon, Stephen"]
[Black "Castor, David"]
[Result "1-0"]
[WhiteElo "2426"]
[BlackElo "2136"]
[PlyCount "87"]
[EventDate "2010.04.07"]
[EventType "swiss"]
[EventRounds "9"]
[EventCountry "AUS"]
[SourceDate "2010.04.07"]

1. e4 c6 2. d4 d5 3. Nd2 dxe4 4. Nxe4 Bf5 5. Ng3 Bg6 6. Nf3 Nd7 7. h4 h6 8. h5
Bh7 9. Bd3 Bxd3 10. Qxd3 e6 11. Bf4 Qa5+ 12. Bd2 Bb4 13. c3 Be7 14. c4 Qc7 15.
O-O-O Ngf6 16. Kb1 O-O 17. Ne4 b5 18. c5 Rfe8 19. Nxf6+ Nxf6 20. Ne5 Rad8 21.
Qe3 Rd5 22. f4 Red8 23. Nf3 a5 24. Rdg1 Ng4 25. Qe2 Bf6 26. Bc1 Be7 27. Ne1 Nf6
28. Nc2 b4 29. g4 Kf8 30. Rh3 Rb8 31. Rd3 a4 32. Ne3 Rd7 33. Nc4 a3 34. b3 Nd5
35. Qe4 Nc3+ 36. Rxc3 bxc3 37. g5 Ke8 38. gxh6 gxh6 39. f5 Qh2 40. Rg8+ Bf8 41.
fxe6 Rc7 42. Nd6+ Ke7 43. exf7+ Kd7 44. Qe8+ 1-0

[Event "Sydney International Open"]
[Site "Parramatta, NSW"]
[Date "2010.04.07"]
[Round "2.14"]
[White "Nakauchi, Gene"]
[Black "Lane, Gary"]
[Result "1/2-1/2"]
[WhiteElo "2119"]
[BlackElo "2380"]
[PlyCount "115"]
[EventDate "2010.04.07"]
[EventType "swiss"]
[EventRounds "9"]
[EventCountry "AUS"]
[SourceDate "2010.04.07"]

1. d4 Nf6 2. c4 g6 3. g3 Bg7 4. Bg2 O-O 5. Nf3 d6 6. O-O Nbd7 7. Nc3 e5 8. e4
a6 9. Re1 exd4 10. Nxd4 Ng4 11. h3 Qf6 12. Qxg4 Qxd4 13. Qe2 c6 14. Be3 Qf6 15.
Rad1 Qe7 16. f4 Re8 17. Qd2 Bf8 18. b4 Qe6 19. Bf1 b5 20. Bf2 bxc4 21. Nd5 c3
22. Qc1 Bb7 23. Nc7 Qxa2 24. Nxa8 Rxa8 25. Qxc3 Qe6 26. Qd2 Nf6 27. e5 dxe5 28.
Rxe5 Qb3 29. Qd3 Qxd3 30. Rxd3 Bxb4 31. Bc5 a5 32. Bxb4 axb4 33. Rb3 Ra1 34.
Kf2 c5 35. Rbe3 Rc1 36. Bg2 Bxg2 37. Kxg2 c4 38. Rb5 b3 39. g4 Rc2+ 40. Kf3 b2
41. g5 Nd7 42. Re2 Rxe2 43. Kxe2 c3 44. Kd3 Nc5+ 45. Kxc3 Ne6 46. Rxb2 Nxf4 47.
h4 Kg7 48. Kd4 h6 49. Ke4 hxg5 50. hxg5 Ne6 51. Rg2 Nf8 52. Ke5 Ne6 53. Kd6 Nf8
54. Ke7 Nh7 55. Rg1 Kg8 56. Rg2 Kg7 57. Rg1 Kg8 58. Rg2 1/2-1/2

[Event "Sydney International Open"]
[Site "Parramatta, NSW"]
[Date "2010.04.07"]
[Round "2.15"]
[White "Lahiri, Atanu"]
[Black "McNamara, Gary"]
[Result "1-0"]
[WhiteElo "2368"]
[BlackElo "2117"]
[PlyCount "39"]
[EventDate "2010.04.07"]
[EventType "swiss"]
[EventRounds "9"]
[EventCountry "AUS"]
[SourceDate "2010.04.07"]

1. d4 Nf6 2. c4 d6 3. Nc3 g6 4. e4 Bg7 5. f4 O-O 6. Nf3 c5 7. d5 e6 8. Be2 exd5
9. exd5 Re8 10. O-O Na6 11. Bd3 Bd7 12. f5 Ng4 13. Bg5 Bd4+ 14. Kh1 Ne3 15. Qb1
Bf6 16. fxg6 fxg6 17. Bxg6 Bxg5 18. Re1 Ng4 19. Bxe8 Bxe8 20. Qf5 1-0

[Event "Sydney International Open"]
[Site "Parramatta, NSW"]
[Date "2010.04.07"]
[Round "2.16"]
[White "Broekhuyse, Paul"]
[Black "Sharma, Dinesh Kumar"]
[Result "0-1"]
[WhiteElo "2108"]
[BlackElo "2361"]
[PlyCount "128"]
[EventDate "2010.04.07"]
[EventType "swiss"]
[EventRounds "9"]
[EventCountry "AUS"]
[SourceDate "2010.04.07"]

1. e4 e5 2. Nf3 Nc6 3. Bb5 a6 4. Ba4 Nf6 5. O-O Be7 6. Re1 b5 7. Bb3 d6 8. c3
Na5 9. Bc2 c5 10. d4 Qc7 11. h3 O-O 12. Nbd2 cxd4 13. cxd4 Bd7 14. Nf1 Rac8 15.
Ne3 Nc6 16. b3 exd4 17. Nd5 Nxd5 18. exd5 Ne5 19. Nxd4 Bf6 20. Ba3 Qb6 21. Qd2
Qxd4 22. Qxd4 Nf3+ 23. gxf3 Bxd4 24. Rac1 Bc3 25. Re7 Bd2 26. Rd1 Rxc2 27. Rxd7
b4 28. Rxd2 Rxd2 29. Bxb4 Rxd5 30. Ra7 Re8 31. Rxa6 Rd1+ 32. Kg2 d5 33. Rd6 h6
34. Bc5 Ra8 35. a4 Rb1 36. Rb6 Rd8 37. Rb4 Rc8 38. Rb5 Rd8 39. Bb6 Rd6 40. Rb4
Rg6+ 41. Kh2 Rgg1 42. f4 Rh1+ 43. Kg2 Rbg1+ 44. Kf3 Rxh3+ 45. Ke2 Rb1 46. Be3
d4 47. Rxd4 Rxb3 48. a5 Ra3 49. Rd5 Rh1 50. f5 Rha1 51. Bb6 f6 52. Rd8+ Kh7 53.
Rd4 R1a2+ 54. Kf1 Rxa5 55. Bxa5 Rxa5 56. Rf4 h5 57. Kg2 Kh6 58. Rf3 Ra4 59. Kh3
Kg5 60. Rg3+ Rg4 61. Rf3 Rf4 62. Rxf4 Kxf4 63. Kh4 Kxf5 64. Kxh5 g5 0-1

[Event "Sydney International Open"]
[Site "Parramatta, NSW"]
[Date "2010.04.07"]
[Round "2.20"]
[White "Johansen, Darryl"]
[Black "Ilic, Ilija"]
[Result "1-0"]
[WhiteElo "2457"]
[BlackElo "2009"]
[PlyCount "103"]
[EventDate "2010.04.07"]
[EventType "swiss"]
[EventRounds "9"]
[EventCountry "AUS"]
[SourceDate "2010.04.07"]

1. d4 d6 2. c4 Nf6 3. Nc3 g6 4. e4 Bg7 5. Be2 c6 6. Nf3 Bg4 7. Be3 Bxf3 8. Bxf3
Nbd7 9. O-O h6 10. Qd2 g5 11. Be2 e5 12. Rfd1 O-O 13. Rac1 Re8 14. Qc2 Qe7 15.
d5 c5 16. Rb1 b6 17. a3 Nf8 18. b4 Ng6 19. g3 Qd7 20. f3 g4 21. bxc5 bxc5 22.
Rb2 Reb8 23. Rdb1 Rxb2 24. Rxb2 h5 25. Qa4 Qc8 26. Qc6 Qf8 27. Nd1 Rb8 28. Rb7
Rxb7 29. Qxb7 Bh6 30. Bf2 a5 31. Qc7 Bd2 32. Ne3 Bxe3 33. Bxe3 gxf3 34. Bxf3 a4
35. Bd2 h4 36. Bg5 Ne8 37. Qd7 f6 38. Bd2 Ne7 39. Qxa4 hxg3 40. hxg3 f5 41. Qd7
fxe4 42. Qg4+ Qg7 43. Qxg7+ Kxg7 44. Bxe4 Nf6 45. Bc2 Nd7 46. Ba5 Kf7 47. Bc7
Nc8 48. a4 Ndb6 49. Bb3 Ke7 50. a5 Nd7 51. Kf2 Nf6 52. Bc2 1-0

[Event "Sydney International Open"]
[Site "Parramatta, NSW"]
[Date "2010.04.07"]
[Round "2.21"]
[White "Chen, Peng Yu"]
[Black "Rujevic, Mirko"]
[Result "0-1"]
[WhiteElo "1934"]
[BlackElo "2261"]
[PlyCount "72"]
[EventDate "2010.04.07"]
[EventType "swiss"]
[EventRounds "9"]
[EventCountry "AUS"]
[SourceDate "2010.04.07"]

1. e4 e5 2. Nf3 Nc6 3. Bb5 a6 4. Ba4 Nf6 5. Qe2 b5 6. Bb3 Bc5 7. d3 d6 8. c3
Bg4 9. Nbd2 O-O 10. h3 Be6 11. Nf1 a5 12. Bg5 a4 13. Bd5 Bxd5 14. exd5 Ne7 15.
Bxf6 gxf6 16. Ne3 a3 17. Nh4 axb2 18. Qxb2 Bxe3 19. fxe3 Nxd5 20. Nf5 Qd7 21.
O-O Kh8 22. Rac1 c5 23. Qe2 Rg8 24. Qf3 Qe6 25. Rf2 Ra3 26. c4 bxc4 27. Rxc4
Rxd3 28. Rh4 Nf4 29. Nh6 Rf8 30. Qg3 d5 31. Rg4 Ng6 32. h4 d4 33. h5 dxe3 34.
Re2 f5 35. Rg5 Ne7 36. Rxe3 f4 0-1